El recurso de Apelacin̤ Civil por cuestiones de fondo

Detalles Bibliográficos
Autor principal: Iglesias Machado, Salvador
Formato: eBook
Lenguaje:español
Publicado: Madrid : Dykinson, 2012
Materias:
Acceso en línea:http://www.vlex.com/source/7005

MARC

LEADER 00000nam a22000007a 4500
005 20130221174637.0
007 cr|||| ||||
008 130221e2012 sp |||||s|||| 00||0 spa d
020 |a 978-84-9031-216-2 
035 |a 7005 
040 |a vLex 
090 |c 3704  |d 3704 
100 1 0 |a Iglesias Machado, Salvador 
245 1 3 |a El recurso de Apelacin̤ Civil por cuestiones de fondo  |h [Recurso electrn̤ico] 
256 |a Servicio en ln̕ea 
260 |a Madrid :  |b Dykinson,   |c 2012  
300 |a 1 Recurso electrn̤ico 
650 0 4 |a Procedimiento civil 
740 |a vLex Libros (Servicio en ln̕ea) 
856 |a Acceso restringido  |u http://www.vlex.com/source/7005 
942 |c BOOK 
999 0 |a Civil procedure